| 000 | 00454nam a22001817a 4500 | ||
|---|---|---|---|
| 003 | CEME | ||
| 005 | 20210628203030.0 | ||
| 008 | 210128b xxu||||| |||| 00| 0 eng d | ||
| 020 | _a9789693514964 | ||
| 040 | _c. | ||
| 082 | _a891.4393 BAN | ||
| 100 |
_aBano Qudsia _99437 |
||
| 245 | _aHaasal ghaat | ||
| 260 |
_aLAHORE _bSANG-E-MEEL _c2007 |
||
| 300 | _a335P | ||
| 650 |
_aURDU ADAB-SHORT STORIES.URDU LITERATURE-FICTION _958956 |
||
| 942 |
_cBK _2ddc |
||
| 999 |
_c571902 _d571902 |
||